| 000 | 01601nam a22002417a 4500 | ||
|---|---|---|---|
| 999 |
_c60937 _d60937 |
||
| 003 | Ge_BSU | ||
| 005 | 20231124155455.0 | ||
| 008 | 231124s2023 ge ||||| |||| 00| 0 geo d | ||
| 020 | _a9789941361371 | ||
| 041 | _ageo | ||
| 080 | _a811.353.1'282 რ-46 | ||
| 245 |
_aრესპუბლიკური დიალექტოლოგიური სამეცნიერო სესიის მასალები : _bსამცხე-ჯავახეთი, ახალქალაქი 2023 წლის 6-7 ოქტომბერი / _cრედ. მერაბ ჩუხუა; თსუ. ენათმეცნიერების ინსტიტუტი. სამცხე-ჯავახეთის სახელმწიფო უნივერსიტეტი. |
||
| 264 |
_aთბილისი, _c2023. |
||
| 300 |
_a226 გვ.; _b21 სმ. |
||
| 504 | _aბიბლიოგრ. თავების ბოლოს | ||
| 653 | _aტოპონიმია | ||
| 653 | _aმეგრულ-ლაზურის ნათესაობის ლექსიკა | ||
| 653 | _aმეტონიმია | ||
| 653 | _aმეტგვარი სახელების წარმოება | ||
| 700 |
_aჩუხუა, მერაბ _eრედაქტორი _916915 |
||
| 710 |
_aთსუ. ენათმეცნიერების ინსტიტუტი. სამცხე-ჯავახეთის სახელმწიფო უნივერსიტეტი. _920473 |
||
| 942 |
_2udc _cᲬᲘᲒᲜᲘ |
||